[Event "AUTO-INT-2394"]
[Site "http://www.queenalice.com/game.php?id=1108486"]
[Date "2012.10.1"]
[Round "2"]
[White "estrategista"]
[Black "formiga"]
[Result "1-0"]
[WhiteElo "1857"]
[BlackElo "1953"]

1. d4 Nf6 2. c4 e6 3. Nc3 c6 4. Nf3 Be7 5. e4 d6 6. Bg5 Nfd7 7. Bxe7 Qxe7 8. e5
dxe5 9. dxe5 O-O 10. Bd3 Nc5 11. Bc2 Nba6 12. h4 Nb4 13. Bxh7+ Kh8 14. Ng5 g6
15. Nce4 Nbd3+ 16. Kf1 Nxe5 17. f4 Nxc4 18. h5 Ne3+ 19. Ke2 Nxg2 20. Qf1 Nxe4
21. Nxe4 Nh4 22. hxg6 b6 23. Qh3 Ba6+ 24. Kf2 fxg6 25. Qxh4 Qxh4+ 26. Rxh4 Kg7
27. Rg1 Rf6 28. Nxf6 Kxf6 29. Rxg6+ Ke7 30. Rhh6 Bc4 31. Bg8 Rf8 32. Ke3 a6 33.
Bxe6 Bb5 34. b3 1-0

[Event "AUTO-INT-2380"]
[Site "http://www.queenalice.com/game.php?id=1113868"]
[Date "2012.10.18"]
[Round "2"]
[White "TIKAR"]
[Black "formiga"]
[Result "0-1"]
[WhiteElo "1715"]
[BlackElo "1939"]

1. e4 c5 2. c4 Nc6 3. Nf3 e5 4. Be2 Nf6 5. Nc3 Be7 6. d3 O-O 7. Nh4 d6 8. Nd5
Nxd5 9. cxd5 Nd4 10. Nf5 Nxf5 11. exf5 Bxf5 12. O-O Bf6 13. Rb1 b5 14. b4 c4 15.
Be3 a6 16. a4 c3 17. d4 c2 0-1

[Event "AUTO-INT-2380"]
[Site "http://www.queenalice.com/game.php?id=1113869"]
[Date "2012.10.18"]
[Round "2"]
[White "formiga"]
[Black "TIKAR"]
[Result "1-0"]
[WhiteElo "1946"]
[BlackElo "1718"]

1. e4 e5 2. f4 exf4 3. Nf3 b6 4. Bc4 h6 5. O-O Bc5+ 6. d4 Be7 7. Bxf4 Nf6 8. Nc3
O-O 9. h3 c6 10. a3 Na6 11. Qe2 b5 12. Bd3 d6 13. Nd1 d5 14. Nf2 Nh5 15. Bh2 Bd6
16. e5 Bc7 17. Nh1 Bb6 18. g4 Nc7 19. c3 a5 20. gxh5 Bxh3 21. Rfe1 Ne6 22. Nf2
Nf4 23. Bxf4 1-0

[Event "AUTO-OPEN-2701"]
[Site "http://www.queenalice.com/game.php?id=1118921"]
[Date "2012.11.4"]
[Round "2"]
[White "lfcanales"]
[Black "formiga"]
[Result "1-0"]
[WhiteElo "1993"]
[BlackElo "1983"]

1. c4 Nf6 2. Nc3 g6 3. g3 Bg7 4. Bg2 O-O 5. e3 e5 6. Nge2 c6 7. d4 d6 8. dxe5
dxe5 9. O-O Nbd7 10. b3 Nc5 11. Ba3 Nfd7 12. b4 Ne6 13. b5 Re8 14. bxc6 bxc6 15.
Bxc6 Rb8 16. Rb1 Rb6 17. Rxb6 axb6 18. Nb5 Nec5 19. Nd6 Re6 20. Nxc8 Rxc6 21.
Nd6 Bf8 22. Bxc5 Nxc5 23. Nb5 Nd3 24. Qb3 e4 25. Ned4 Rf6 26. f4 Qd7 27. Qc3 Bg7
28. Qd2 g5 29. Nc3 gxf4 30. gxf4 Rg6+ 31. Kh1 Qg4 32. Nxe4 Bxd4 33. exd4 1-0

[Event "AUTO-OPEN-2701"]
[Site "http://www.queenalice.com/game.php?id=1118922"]
[Date "2012.11.4"]
[Round "2"]
[White "formiga"]
[Black "lfcanales"]
[Result "1-0"]
[WhiteElo "2024"]
[BlackElo "2023"]

1. e4 e5 2. f4 exf4 3. Nf3 Be7 4. h4 d5 5. Nc3 Bg4 6. Nxd5 Bxf3 7. Qxf3 Bxh4+ 8.
Kd1 Bg3 9. Nxf4 Bxf4 10. Qxf4 Nc6 11. Bb5 Ne7 12. Rf1 O-O 13. c3 a6 14. Bc4 Qe8
15. d4 Na5 16. Bd3 Qa4+ 17. Bc2 Qb5 18. b3 Qh5+ 19. g4 Qb5 20. Ba3 Rfe8 21.
Qxf7+ Kh8 22. Bxe7 Nc6 23. Bf8 Qg5 24. Rf4 Ne5 25. dxe5 Rad8+ 26. Kc1 Rxf8 27.
Qh5 Qxf4+ 28. Kb2 Rd2 29. Rc1 Qxe4 30. g5 Qxe5 31. Qxh7# 1-0

[Event "AUTO-OPEN-2701"]
[Site "http://www.queenalice.com/game.php?id=1118925"]
[Date "2012.11.4"]
[Round "2"]
[White "mestreRJ"]
[Black "formiga"]
[Result "1-0"]
[WhiteElo "2631"]
[BlackElo "2038"]

1. e4 c5 2. Nf3 Nc6 3. d4 cxd4 4. Nxd4 d5 5. exd5 Qxd5 6. Be3 Nxd4 7. Bxd4 e5 8.
Be3 Qxd1+ 9. Kxd1 Bd7 10. f3 Nf6 11. c4 Bc6 12. Nc3 b6 13. Bd3 Rd8 14. Kc2 Bb4
15. Rad1 h6 16. a3 Bd6 17. b4 Bc7 18. Kb3 Ke7 19. b5 Bb7 20. c5 Nd5 21. Nxd5+
Bxd5+ 22. Bc4 Bxc4+ 23. Kxc4 Ke6 24. c6 f5 25. a4 1-0

[Event "AUTO-OPEN-2701"]
[Site "http://www.queenalice.com/game.php?id=1118926"]
[Date "2012.11.4"]
[Round "2"]
[White "formiga"]
[Black "mestreRJ"]
[Result "0-1"]
[WhiteElo "2036"]
[BlackElo "2632"]

1. e4 c5 2. Nf3 d6 3. d4 cxd4 4. Nxd4 Nf6 5. f3 e5 6. Bb5+ Bd7 7. Bxd7+ Nbxd7 8.
Nf5 d5 9. exd5 Nb6 10. d6 g6 11. d7+ Qxd7 12. Qxd7+ Kxd7 13. O-O gxf5 14. Nc3
Bc5+ 15. Kh1 Ke6 16. Bg5 Rhg8 17. Bxf6 Kxf6 18. Rad1 Rad8 19. b3 Be7 20. a4 Rc8
21. Rd3 Bb4 0-1

[Event "AUTO-OPEN-2739"]
[Site "http://www.queenalice.com/game.php?id=1121097"]
[Date "2012.11.11"]
[Round "2"]
[White "Constante"]
[Black "formiga"]
[Result "1-0"]
[WhiteElo "2040"]
[BlackElo "2034"]

1. e4 c5 2. Nf3 Nc6 3. d4 cxd4 4. Nxd4 d5 5. exd5 Qxd5 6. Be3 e5 7. Nc3 Bb4 8.
Nb5 Bxc3+ 9. Nxc3 Qxd1+ 10. Rxd1 Nf6 11. Be2 O-O 12. O-O 1-0

[Event "AUTO-OPEN-2739"]
[Site "http://www.queenalice.com/game.php?id=1121098"]
[Date "2012.11.11"]
[Round "2"]
[White "formiga"]
[Black "Constante"]
[Result "0-1"]
[WhiteElo "2018"]
[BlackElo "2056"]

1. e4 c5 2. Nf3 d6 3. d4 Nf6 4. Nc3 Nbd7 5. Bc4 e6 6. O-O Be7 7. e5 Ng8 8. d5
Nb6 9. Be2 Qc7 10. exd6 Bxd6 11. Nb5 Qe7 12. Bg5 f6 13. Bh4 Nh6 14. dxe6 Bxe6
0-1

[Event "AUTO-OPEN-2739"]
[Site "http://www.queenalice.com/game.php?id=1121101"]
[Date "2012.11.11"]
[Round "2"]
[White "chapichapo"]
[Black "formiga"]
[Result "1-0"]
[WhiteElo "1853"]
[BlackElo "1872"]

1. e4 c5 2. Nf3 d6 3. Bc4 Nc6 4. Ng5 Ne5 5. b3 Nxc4 6. bxc4 Nf6 7. O-O e5 8. Bb2
Be7 9. f4 Bg4 10. Qe1 exf4 11. Rxf4 Bh5 12. Nc3 O-O 13. Qh4 Bg6 14. Qh3 h6 15.
Nf3 Nh7 16. d3 Bf6 17. Rb1 Ng5 18. Nxg5 Bxg5 19. Rg4 f5 20. Rg3 Rf7 21. Nd5 fxe4
22. dxe4 Bxe4 23. Rxg5 Qxg5 24. Qg3 Bxc2 25. Qxg5 hxg5 26. Rf1 Rxf1+ 27. Kxf1
Bd3+ 28. Kf2 Bxc4 29. Ne7+ Kh7 30. Kg3 1-0

[Event "AUTO-OPEN-2739"]
[Site "http://www.queenalice.com/game.php?id=1121102"]
[Date "2012.11.11"]
[Round "2"]
[White "formiga"]
[Black "chapichapo"]
[Result "0-1"]
[WhiteElo "1815"]
[BlackElo "1889"]

1. e4 e5 2. f4 exf4 3. Nf3 Bc5 4. d4 Bb6 5. Bxf4 Nc6 6. Bc4 Nf6 7. Nc3 O-O 8.
Bg5 h6 9. Bh4 Re8 10. O-O d6 11. Kh1 Bg4 12. Bxf6 Qxf6 13. Nd5 Qg6 14. Nxb6 axb6
15. c3 Rxe4 16. Bd3 d5 17. Qd2 Rae8 18. Qc2 Bxf3 19. gxf3 h5 20. Rae1 Rxe1 21.
Bxg6 Rxf1+ 22. Kg2 Ree1 23. Bxh5 Rc1 24. Qa4 Rh1 25. Qa8+ Kh7 26. Bxf7 Ne7 27.
Qxb7 Rcf1 28. Qxc7 Rhg1+ 29. Kh3 Rxf3+ 30. Qg3 Rgxg3+ 31. hxg3 Rxf7 0-1

[Event "AUTO-INT-2380"]
[Site "http://www.queenalice.com/game.php?id=1124833"]
[Date "2012.11.22"]
[Round "3"]
[White "vult0"]
[Black "formiga"]
[Result "0-1"]
[WhiteElo "1729"]
[BlackElo "2009"]

1. e4 c5 2. Bc4 e6 3. Nf3 Nc6 4. c3 d6 5. d4 cxd4 6. cxd4 Bd7 7. Be3 Nf6 8. Nc3
Be7 9. O-O O-O 10. a3 Ng4 11. Bd2 e5 12. d5 Nb8 13. h3 Nf6 14. Bg5 h6 15. Bc1
Nh7 16. b4 Ng5 17. Nxg5 hxg5 18. Be2 a6 19. Bg4 g6 20. Be3 f5 21. exf5 gxf5 22.
Be2 Rf7 23. g3 f4 24. Bd2 Bxh3 0-1

[Event "AUTO-INT-2380"]
[Site "http://www.queenalice.com/game.php?id=1124834"]
[Date "2012.11.22"]
[Round "3"]
[White "formiga"]
[Black "vult0"]
[Result "1-0"]
[WhiteElo "2004"]
[BlackElo "1734"]

1. d4 d5 2. c4 c6 3. Nf3 Bf5 4. Nc3 e6 5. e3 Bd6 6. c5 Bc7 7. Bd3 Qf6 8. e4 dxe4
9. Nxe4 Bxe4 10. Bxe4 h6 11. Be3 Nd7 12. b4 Ne7 13. a4 Nd5 14. Bxd5 cxd5 15. O-O
O-O 16. a5 e5 17. h3 e4 18. Nh2 Bxh2+ 19. Kxh2 Qg6 20. Qb3 Nf6 21. b5 Rfd8 22.
Rac1 Rac8 23. Rc3 a6 24. Rfc1 Qf5 25. c6 bxc6 26. b6 1-0